000 00379nam a2200145Ia 4500
008 100204s9999 xx 000 0 und d
082 _b22388
100 _aABRAR MOTISIN
245 _aTHE TALE OF FOUR HERMITS
260 _b"PPRASHANT PUBLICATION, DELHI"
_c1996
300 _a124
630 _aTHE TALE OF FOUR HERMITS
730 _aTHE TALE OF FOUR HERMITS
942 _cBOOK
999 _c468018
_d468015